000 01084nam a2200301 4500
001 0000022199
003 CO-CtgCURN
005 20250512221833.0
007 ta
008 160627s2004 000 0 eng d
020 _a9583504726
040 _aCO-CtgCURN
_bspa
_ccoctgcurn
082 0 _a343.4504
_bA488h
100 1 _aAmatucci, Andrea.
245 1 0 _aHistoria del derecho de la hacienda publica y del derecho tributario en Italia :
_bel aporte del pensamiento juridico financiero de la Italia meridional /
_cAndrea Amutucci, Nicola DAmati , prefacio G. Abbamonte, A. Amatucci , estudio preliminar Mauricio A. Plazas Vega.
260 _aBogotá :
_bTemis,
_c2004.
300 _a238 p.
336 _2rdacontent
337 _2rdamedia
_asin mediacion
_bn
338 _2rdacarrier
_avolumen
_bnc
650 1 4 _aHacienda publica.
650 1 4 _aDerecho fiscal.
650 1 4 _aDerecho financiero.
700 1 _aD̓Amati, Nicola.
908 _a160627
942 _cBK
_h343.4504
_iA488h
_2ddc
_n0
999 _c19398
_d19398